Estudio sobre las Barreras que Limitan al Acceso a Niños y Niñas menores de 06 años a Servicios de Protección contra todo tipo de Violencia (Record no. 12340)

MARC details
000 -LEADER
campo de control de longitud fija 00381nam a2200109Ia 4500
005 - FECHA Y HORA DE LA ÚLTIMA TRANSACCIÓN
campo de control 20251222143142.0
008 - DATOS DE LONGITUD FIJA--INFORMACIÓN GENERAL
campo de control de longitud fija 251222s9999||||xx |||||||||||||| ||spa||
082 ## - NÚMERO DE LA CLASIFICACIÓN DECIMAL DEWEY
Número de clasificación 362.76/S42
100 ## - ENTRADA PRINCIPAL--NOMBRE DE PERSONA
Nombre de persona Serna Muñoz, Martha
245 #0 - MENCIÓN DEL TÍTULO
Título Estudio sobre las Barreras que Limitan al Acceso a Niños y Niñas menores de 06 años a Servicios de Protección contra todo tipo de Violencia
942 ## - ELEMENTOS DE ENTRADA SECUNDARIOS (KOHA)
Tipo de ítem Koha Libros
Holdings
Estatus retirado Estado de pérdida Estado de daño No para préstamo Biblioteca de origen Biblioteca actual Ubicación en estantería Fecha de adquisición Total de préstamos Signatura topográfica completa Código de barras Visto por última vez Precio de reemplazo Tipo de ítem Koha
        Biblioteca Central Biblioteca Central Programa 22/12/2025   362.76/S42 0015213 22/12/2025 22/12/2025 Libros